La Estructura de la negociacin̤ colectiva marco jurd̕ico y disciplina contractual/

Detalles Bibliográficos
Autor principal: Navarro Nieto, Federico
Formato: Libro
Lenguaje:español
Publicado: Albacete: Bomarzo, 2009
Colección:Estudios (Bomarzo)
Materias:
Acceso en línea:Acceso restringido

MARC

LEADER 00000nam a2200000 a 4500
005 2011112304404.0
007 cr|||| ||||
008 091013s2009 sp ||||f |||||0|| 0 spa|c
020 |a 9788496721852 
035 |a 5806 
040 |d vLex 
090 |c 2781  |d 2781 
100 1 |a Navarro Nieto, Federico 
245 1 3 |a La Estructura de la negociacin̤ colectiva  |h [Recurso electrn̤ico] :  |b marco jurd̕ico y disciplina contractual/  |c Federico Navarro Nieto 
256 |a Servicio en ln̕ea 
260 |a Albacete:  |b Bomarzo,  |c 2009 
300 |a 1 recurso electrn̤ico 
490 1 |a Coleccin̤ Estudios Bomarzo 
504 |a Bibliografa̕: p. 127-137 
506 1 |a Contenido solo disponible en los productos indicados  |d vLex Global   |d vLex Global (Academic Edition, excluding Law Schools)   |d vLex Global (U.S. Academic Edition, Law Schools)   |d vLex Global (U.S. Academic Edition, excluding Law Schools)   |d vLex Global (Academic Edition, Law Schools)  
650 4 |a Convenios colectivos de trabajo  |z Espaą 
650 4 |a Negociaciones colectivas de trabajo  |z Espaą 
650 4 |a Derecho laboral  |z Espaą 
740 0 |a vLex Libros (Servicio en ln̕ea) 
830 0 |a Estudios (Bomarzo) 
856 4 0 |u http://vlex.com/source/estructura-negociacion-colectiva-marco-juridico-disciplina-contractual-5806  |z Acceso restringido 
942 |c BOOK